000 01054nam a22003137a 4500
003 CHAP
005 20220329143312.0
008 080331d2001 es ad r 00110 spa d
010 _a94660
011 _a95632
020 _a8420529370
035 _a106260
040 _cCHAP
082 0 4 _a519.3011
_bC4
100 1 _aCerdá Tena, Emilio.
_921367
245 1 _aOptimización dinámica
_c/por Emilio Cerdá Tena
260 _aMadrid :
_bPearson Educación,
_cc2001
300 _axiii, 321 p. :
_bilus. ; gráfs. ; tablas
590 _aBATCH-UPD
_b10
_c20130110
_lUCH01
_h0647
590 _aBATCH-UPD
_b10
_c20130410
_lUCH01
_h0331
590 _aBATCH-UPD
_b10
_c20130914
_lUCH01
_h0912
590 _aCONVERSION
_b10
_c20130109
_lUCH01
_h1352
650 1 4 _aDinámica.
_932626
650 1 4 _aOptimización matemática.
_983385
901 _aBK
942 _cLIBRO
949 _a519.3011 C4
_bBC
_cLIBRO
_d33724002043181
_eLIBRO
_gI.c/e
_h109430
_i106260
_si
_t$225.60
949 _a519.3011 C4
_bBC
_cLIBRO
_d33724002043199
_eLIBRO
_fc.2
_gI.c/e
_h109431
_i106260
_si
_t$225.60
999 _c94660
_d94660